000 00475nam a2200157Ia 4500
008 230711s9999||||xx |||||||||||||| ||und||
041 _aENG
082 _a624
_bBU-I
100 _aBureau of Indian Standard
245 0 _aIS : 4091 1979
_bCode of practice for design and construction of foundation for transmission line towers and poles
250 _a1st
260 _c1980
_aNew Delhi
_bBureau of Indian Standard
300 _a17
650 _aCivil Engineering
942 _cBK
999 _c1538
_d1538